|
|
|
|
| LEADER |
00000nab a2200000 a 4500 |
| 001 |
vtls000577180 |
| 003 |
SK-MaSNL |
| 005 |
20260319074359.0 |
| 008 |
180130c1995 xo 0 ukr |
| 015 |
|
|
|a SNBRB19rr/mm-uuuuu
|
| 035 |
|
|
|a CL0577318
|
| 040 |
|
|
|a SNKBUCL
|b slo
|c SNKBUCL
|e AACR2
|
| 041 |
0 |
|
|a ukr
|
| 044 |
|
|
|a xo
|c SK
|
| 080 |
|
|
|a 78.091.4:784.4(=83)
|2 1981
|
| 080 |
|
|
|a 784.4(=83)
|2 1981
|
| 100 |
1 |
|
|a -ak-
|4 aut
|9 845463
|
| 245 |
1 |
0 |
|a Hotujuťsja do "Makovyc'koji struny"
|c -ak-
|
| 650 |
0 |
7 |
|a ukrajinské ľudové piesne
|2 snkbucl
|9 3456
|
| 650 |
0 |
7 |
|a Makovická struna 1995, Bardejov
|2 snkbucl
|9 989048
|
| 655 |
|
7 |
|a články z novín a časopisov
|2 snkbucl
|9 267496
|
| 773 |
0 |
|
|t Nove žyttja
|g Roč. 45, č. 46 (1995), s. 2
|
| 850 |
|
|
|a Slovenská národná knižnica v Martine
|a POA001
|
| 852 |
|
|
|a SNK
|b KIS3GCP
|
| 958 |
|
|
|a RK
|
| 958 |
|
|
|a UK
|
| 992 |
|
|
|a RBX
|
| 999 |
|
|
|c 1589898
|d 1591828
|